| 000 -LEADER |
| fixed length control field |
00472pab a2200169 454500 |
| 008 - FIXED-LENGTH DATA ELEMENTS--GENERAL INFORMATION |
| fixed length control field |
180718b2005 xxu||||| |||| 00| 0 eng d |
| 100 ## - MAIN ENTRY--PERSONAL NAME |
| Personal name |
Haragopal, G. |
| 245 ## - TITLE STATEMENT |
| Title |
Human rights education in India concepts and concerns |
| 260 ## - PUBLICATION, DISTRIBUTION, ETC. |
| Date of publication, distribution, etc. |
2005 |
| 300 ## - PHYSICAL DESCRIPTION |
| Extent |
p.104-122. |
| 650 ## - SUBJECT ADDED ENTRY--TOPICAL TERM |
| Topical term or geographic name entry element |
Human rights education - India |
| 650 ## - SUBJECT ADDED ENTRY--TOPICAL TERM |
| Topical term or geographic name entry element |
Human rights education |
| 700 ## - ADDED ENTRY--PERSONAL NAME |
| Personal name |
Sudarshnam, G. |
| 773 ## - HOST ITEM ENTRY |
| Main entry heading |
The National Human Rights Commission, India |
| 908 ## - PUT COMMAND PARAMETER (RLIN) |
| Put command parameter |
N |
| 909 ## - |
| -- |
72327 |